The six sigma handbook , a complete guide for green belts, black belts, and managers at all levels (Record no. 572795)
[ view plain ]
| 000 -LEADER | |
|---|---|
| fixed length control field | 00646nam a22001817a 4500 |
| 003 - CONTROL NUMBER IDENTIFIER | |
| control field | CEME |
| 005 - DATE AND TIME OF LATEST TRANSACTION | |
| control field | 20210628203237.0 |
| 008 - FIXED-LENGTH DATA ELEMENTS--GENERAL INFORMATION | |
| fixed length control field | 210203b xxu||||| |||| 00| 0 eng d |
| 020 ## - INTERNATIONAL STANDARD BOOK NUMBER | |
| International Standard Book Number | 0071410155 |
| 040 ## - CATALOGING SOURCE | |
| Transcribing agency | . |
| 082 ## - DEWEY DECIMAL CLASSIFICATION NUMBER | |
| Classification number | 658.562 PYZ |
| 100 ## - MAIN ENTRY--PERSONAL NAME | |
| Personal name | Pyzdek, Thomas |
| 9 (RLIN) | 62083 |
| 245 ## - TITLE STATEMENT | |
| Title | The six sigma handbook , a complete guide for green belts, black belts, and managers at all levels |
| 260 ## - PUBLICATION, DISTRIBUTION, ETC. | |
| Place of publication, distribution, etc. | NEW YORK |
| Name of publisher, distributor, etc. | MCGRAW HILL |
| Date of publication, distribution, etc. | 2003 |
| 300 ## - PHYSICAL DESCRIPTION | |
| Extent | XVIII, 830P |
| 650 ## - SUBJECT ADDED ENTRY--TOPICAL TERM | |
| Topical term or geographic name entry element | SIX SIGMA HANDBOOK. , SIX SIGMA IMPLEMENTATION AND MANAGEMENT. , TRAINING FOR SIX SIGMA. , SIX SIGMA PROJECTS. , SIX SIGMA TOOLS AND TECHNIQUES. |
| 9 (RLIN) | 64227 |
| 942 ## - ADDED ENTRY ELEMENTS (KOHA) | |
| Koha item type | Book |
| Source of classification or shelving scheme | |
| Withdrawn status | Lost status | Source of classification or shelving scheme | Damaged status | Not for loan | Permanent Location | Current Location | Shelving location | Date acquired | Full call number | Barcode | Date last seen | Price effective from | Koha item type | Public note |
|---|---|---|---|---|---|---|---|---|---|---|---|---|---|---|
| College of Electrical & Mechanical Engineering (CEME) | College of Electrical & Mechanical Engineering (CEME) | General Stacks | 07/26/2017 | 658.562 PYZ | CEME-45864 | 06/28/2021 | 06/28/2021 | Book | 1.6 |
